<?xml version="1.0" encoding="UTF-8"?>
<record
    xmlns:xsi="http://www.w3.org/2001/XMLSchema-instance"
    xsi:schemaLocation="http://www.loc.gov/MARC21/slim http://www.loc.gov/standards/marcxml/schema/MARC21slim.xsd"
    xmlns="http://www.loc.gov/MARC21/slim">

  <leader>00732nam a2200229Ia 4500</leader>
  <controlfield tag="005">20220317093126.0</controlfield>
  <controlfield tag="008">210716s2009    xx            000 0 und d</controlfield>
  <datafield tag="020" ind1=" " ind2=" ">
    <subfield code="a">9788131707043</subfield>
  </datafield>
  <datafield tag="040" ind1=" " ind2=" ">
    <subfield code="c">AIMIT LIBRARY</subfield>
  </datafield>
  <datafield tag="041" ind1=" " ind2=" ">
    <subfield code="a">eng</subfield>
  </datafield>
  <datafield tag="082" ind1=" " ind2=" ">
    <subfield code="a">658 </subfield>
    <subfield code="2">6</subfield>
    <subfield code="b">STOJ</subfield>
  </datafield>
  <datafield tag="100" ind1=" " ind2=" ">
    <subfield code="a">Stoner, James A F.</subfield>
    <subfield code="9">23950</subfield>
  </datafield>
  <datafield tag="245" ind1=" " ind2=" ">
    <subfield code="a">Management /</subfield>
    <subfield code="c">By James A F Stoner, R Edward Freeman and Daniel R Gilbert.</subfield>
  </datafield>
  <datafield tag="250" ind1=" " ind2=" ">
    <subfield code="a">6th ed.</subfield>
  </datafield>
  <datafield tag="260" ind1=" " ind2=" ">
    <subfield code="a">New Delhi :</subfield>
    <subfield code="b">Pearson Education ,</subfield>
    <subfield code="c">2009 .</subfield>
  </datafield>
  <datafield tag="300" ind1=" " ind2=" ">
    <subfield code="a">656,i-26p. ;</subfield>
    <subfield code="c">28 cm.</subfield>
  </datafield>
  <datafield tag="650" ind1=" " ind2=" ">
    <subfield code="a">Social Responsibility and Ethics.</subfield>
    <subfield code="9">23951</subfield>
  </datafield>
  <datafield tag="650" ind1=" " ind2=" ">
    <subfield code="a">Culture and Multiculturalism.</subfield>
    <subfield code="9">23952</subfield>
  </datafield>
  <datafield tag="700" ind1=" " ind2=" ">
    <subfield code="a">Freeman, R Edward.</subfield>
    <subfield code="9">23953</subfield>
  </datafield>
  <datafield tag="700" ind1=" " ind2=" ">
    <subfield code="a">Gilbert, Daniel R.</subfield>
    <subfield code="9">23954</subfield>
  </datafield>
  <datafield tag="942" ind1=" " ind2=" ">
    <subfield code="2">ddc</subfield>
    <subfield code="c">BK</subfield>
    <subfield code="e">6th</subfield>
    <subfield code="k">658 STOJ</subfield>
  </datafield>
  <datafield tag="999" ind1=" " ind2=" ">
    <subfield code="c">204507</subfield>
    <subfield code="d">204507</subfield>
  </datafield>
  <datafield tag="952" ind1=" " ind2=" ">
    <subfield code="0">0</subfield>
    <subfield code="1">0</subfield>
    <subfield code="2">ddc</subfield>
    <subfield code="4">0</subfield>
    <subfield code="7">0</subfield>
    <subfield code="8">MBA</subfield>
    <subfield code="a">AIMIT</subfield>
    <subfield code="b">AIMIT</subfield>
    <subfield code="d">2005-09-15</subfield>
    <subfield code="g">395.00</subfield>
    <subfield code="i">Bill no:150; Bill dt:2005-09-12</subfield>
    <subfield code="l">0</subfield>
    <subfield code="o">658 STOJ</subfield>
    <subfield code="p">MBA01952</subfield>
    <subfield code="r">2026-05-23 00:00:00</subfield>
    <subfield code="v">316.00</subfield>
    <subfield code="w">2021-07-16</subfield>
    <subfield code="y">BK</subfield>
  </datafield>
  <datafield tag="952" ind1=" " ind2=" ">
    <subfield code="0">0</subfield>
    <subfield code="1">0</subfield>
    <subfield code="2">ddc</subfield>
    <subfield code="4">0</subfield>
    <subfield code="7">0</subfield>
    <subfield code="8">MBA</subfield>
    <subfield code="a">AIMIT</subfield>
    <subfield code="b">AIMIT</subfield>
    <subfield code="d">2009-11-09</subfield>
    <subfield code="g">390.00</subfield>
    <subfield code="i">Bill no:9992; Bill dt:2009-11-06</subfield>
    <subfield code="l">0</subfield>
    <subfield code="o">658 STOJ</subfield>
    <subfield code="p">MBA07070</subfield>
    <subfield code="r">2026-05-23 00:00:00</subfield>
    <subfield code="v">292.50</subfield>
    <subfield code="w">2021-07-16</subfield>
    <subfield code="y">BK</subfield>
  </datafield>
  <datafield tag="952" ind1=" " ind2=" ">
    <subfield code="0">0</subfield>
    <subfield code="1">0</subfield>
    <subfield code="2">ddc</subfield>
    <subfield code="4">0</subfield>
    <subfield code="7">0</subfield>
    <subfield code="8">MBA</subfield>
    <subfield code="a">AIMIT</subfield>
    <subfield code="b">AIMIT</subfield>
    <subfield code="d">2009-11-09</subfield>
    <subfield code="g">390.00</subfield>
    <subfield code="i">Bill no:9992; Bill dt:2009-11-06</subfield>
    <subfield code="l">0</subfield>
    <subfield code="o">658 STOJ</subfield>
    <subfield code="p">MBA07071</subfield>
    <subfield code="r">2026-05-23 00:00:00</subfield>
    <subfield code="v">292.50</subfield>
    <subfield code="w">2021-07-16</subfield>
    <subfield code="y">BK</subfield>
  </datafield>
  <datafield tag="952" ind1=" " ind2=" ">
    <subfield code="0">0</subfield>
    <subfield code="1">0</subfield>
    <subfield code="2">ddc</subfield>
    <subfield code="4">0</subfield>
    <subfield code="7">0</subfield>
    <subfield code="8">MBA</subfield>
    <subfield code="a">AIMIT</subfield>
    <subfield code="b">AIMIT</subfield>
    <subfield code="d">2009-11-09</subfield>
    <subfield code="g">390.00</subfield>
    <subfield code="i">Bill no:9992; Bill dt:2009-11-06</subfield>
    <subfield code="l">0</subfield>
    <subfield code="o">658 STOJ</subfield>
    <subfield code="p">MBA07072</subfield>
    <subfield code="r">2026-05-23 00:00:00</subfield>
    <subfield code="v">292.50</subfield>
    <subfield code="w">2021-07-16</subfield>
    <subfield code="y">BK</subfield>
  </datafield>
  <datafield tag="952" ind1=" " ind2=" ">
    <subfield code="0">0</subfield>
    <subfield code="1">0</subfield>
    <subfield code="2">ddc</subfield>
    <subfield code="4">0</subfield>
    <subfield code="7">0</subfield>
    <subfield code="8">MBA</subfield>
    <subfield code="a">AIMIT</subfield>
    <subfield code="b">AIMIT</subfield>
    <subfield code="d">2009-11-09</subfield>
    <subfield code="g">390.00</subfield>
    <subfield code="i">Bill no:9992; Bill dt:2009-11-06</subfield>
    <subfield code="l">0</subfield>
    <subfield code="o">658 STOJ</subfield>
    <subfield code="p">MBA07073</subfield>
    <subfield code="r">2026-05-23 00:00:00</subfield>
    <subfield code="v">292.50</subfield>
    <subfield code="w">2021-07-16</subfield>
    <subfield code="y">BK</subfield>
  </datafield>
  <datafield tag="952" ind1=" " ind2=" ">
    <subfield code="0">0</subfield>
    <subfield code="1">0</subfield>
    <subfield code="2">ddc</subfield>
    <subfield code="4">0</subfield>
    <subfield code="7">0</subfield>
    <subfield code="8">MBA</subfield>
    <subfield code="a">AIMIT</subfield>
    <subfield code="b">AIMIT</subfield>
    <subfield code="d">2009-11-09</subfield>
    <subfield code="g">390.00</subfield>
    <subfield code="i">Bill no:9992; Bill dt:2009-11-06</subfield>
    <subfield code="l">0</subfield>
    <subfield code="o">658 STOJ</subfield>
    <subfield code="p">MBA07074</subfield>
    <subfield code="r">2026-05-23 00:00:00</subfield>
    <subfield code="v">292.50</subfield>
    <subfield code="w">2021-07-16</subfield>
    <subfield code="y">BK</subfield>
  </datafield>
  <datafield tag="952" ind1=" " ind2=" ">
    <subfield code="0">0</subfield>
    <subfield code="1">0</subfield>
    <subfield code="2">ddc</subfield>
    <subfield code="4">0</subfield>
    <subfield code="7">0</subfield>
    <subfield code="8">MBA</subfield>
    <subfield code="a">AIMIT</subfield>
    <subfield code="b">AIMIT</subfield>
    <subfield code="d">2009-11-09</subfield>
    <subfield code="g">390.00</subfield>
    <subfield code="i">Bill no:9992; Bill dt:2009-11-06</subfield>
    <subfield code="l">0</subfield>
    <subfield code="o">658 STOJ</subfield>
    <subfield code="p">MBA07075</subfield>
    <subfield code="r">2026-05-23 00:00:00</subfield>
    <subfield code="v">292.50</subfield>
    <subfield code="w">2021-07-16</subfield>
    <subfield code="y">BK</subfield>
  </datafield>
  <datafield tag="952" ind1=" " ind2=" ">
    <subfield code="0">0</subfield>
    <subfield code="1">0</subfield>
    <subfield code="2">ddc</subfield>
    <subfield code="4">0</subfield>
    <subfield code="7">0</subfield>
    <subfield code="8">MBA</subfield>
    <subfield code="a">AIMIT</subfield>
    <subfield code="b">AIMIT</subfield>
    <subfield code="d">2009-11-09</subfield>
    <subfield code="g">390.00</subfield>
    <subfield code="i">Bill no:9992; Bill dt:2009-11-06</subfield>
    <subfield code="l">0</subfield>
    <subfield code="o">658 STOJ</subfield>
    <subfield code="p">MBA07076</subfield>
    <subfield code="r">2026-05-23 00:00:00</subfield>
    <subfield code="v">292.50</subfield>
    <subfield code="w">2021-07-16</subfield>
    <subfield code="y">BK</subfield>
  </datafield>
  <datafield tag="952" ind1=" " ind2=" ">
    <subfield code="0">0</subfield>
    <subfield code="1">0</subfield>
    <subfield code="2">ddc</subfield>
    <subfield code="4">0</subfield>
    <subfield code="7">0</subfield>
    <subfield code="8">MBA</subfield>
    <subfield code="a">AIMIT</subfield>
    <subfield code="b">AIMIT</subfield>
    <subfield code="d">2009-11-30</subfield>
    <subfield code="g">395.00</subfield>
    <subfield code="i">Bill no:28; Bill dt:2009-11-23</subfield>
    <subfield code="l">0</subfield>
    <subfield code="o">658 STOJ</subfield>
    <subfield code="p">MBA07174</subfield>
    <subfield code="r">2026-05-23 00:00:00</subfield>
    <subfield code="v">296.25</subfield>
    <subfield code="w">2021-07-16</subfield>
    <subfield code="y">BK</subfield>
  </datafield>
  <datafield tag="952" ind1=" " ind2=" ">
    <subfield code="0">0</subfield>
    <subfield code="1">0</subfield>
    <subfield code="2">ddc</subfield>
    <subfield code="4">0</subfield>
    <subfield code="7">0</subfield>
    <subfield code="8">MBA</subfield>
    <subfield code="a">AIMIT</subfield>
    <subfield code="b">AIMIT</subfield>
    <subfield code="d">2011-10-11</subfield>
    <subfield code="g">550.00</subfield>
    <subfield code="i">Bill no:28; Bill dt:2011-09-20</subfield>
    <subfield code="l">0</subfield>
    <subfield code="o">658 STOJ</subfield>
    <subfield code="p">MBA09335</subfield>
    <subfield code="r">2026-05-23 00:00:00</subfield>
    <subfield code="v">412.50</subfield>
    <subfield code="w">2021-07-16</subfield>
    <subfield code="y">BK</subfield>
  </datafield>
</record>
